Jak posuzovat efektivnost investic v dopravě

Gespeichert in:
Bibliographische Detailangaben
1. Verfasser: Řezníček, Bohumil
Weitere Verfasser: Veliš, Miroslav
Format: Buch
Sprache:Tschechisch
Veröffentlicht: Praha Nakl. dopr. a spojů 1989
Ausgabe:1. vyd.
Tags: Tag hinzufügen
Keine Tags, Fügen Sie das erste Tag hinzu!

MARC

LEADER 00000nam a2200000 4500
001 c039400
005 20221215120100.0
041 0 |a cze 
044 |a CZ 
245 1 0 |a Jak posuzovat efektivnost investic v dopravě  |c Bohumil Řezníček, Miroslav Veliš 
250 |a 1. vyd. 
264 1 |a Praha  |b Nakl. dopr. a spojů  |c 1989 
300 |a 234 s. 
100 1 |a Řezníček, Bohumil 
700 1 |a Veliš, Miroslav